Vybrané aspekty offsetových obchodov
Názory odborníkov a medzinárodných organizácií na netradičné obchodné operácie. Typológia výmenných obchodných operácií. Offsetové obchodné operácie a ich typológia: priame offsety, nepriame offsety, zmiešané offsety. Výhody a nevýhody offsetových operácií.
Gespeichert in:
| 1. Verfasser: | |
|---|---|
| Format: | Buchkapitel |
| Sprache: | Slowakisch |
| Schlagworte: | |
| Tags: |
Keine Tags, Fügen Sie das erste Tag hinzu!
|
MARC
| LEADER | 00000naa$a2200000$$$4500 | ||
|---|---|---|---|
| 001 | 0020628 | ||
| 005 | 20240502071411.4 | ||
| 041 | 0 | |a slo | |
| 044 | |a SK | ||
| 245 | 1 | 0 | |a Vybrané aspekty offsetových obchodov |c Peter Knapik |
| 520 | |a Názory odborníkov a medzinárodných organizácií na netradičné obchodné operácie. Typológia výmenných obchodných operácií. Offsetové obchodné operácie a ich typológia: priame offsety, nepriame offsety, zmiešané offsety. Výhody a nevýhody offsetových operácií. | ||
| 610 | 2 | 0 | |a operácie obchodné |
| 610 | 2 | 0 | |a offsety |
| 610 | 2 | 0 | |a obchod výmenný |
| 610 | 2 | 0 | |a typológia |
| 610 | 2 | 0 | |a pojmy |
| 100 | 1 | |a Knapik, Peter | |